| 000 | 00393 a2200169 4500 | ||
|---|---|---|---|
| 001 | 45010 | ||
| 020 | _a8532507956 | ||
| 040 | _cAnchieta - Aquarius | ||
| 100 | _aPlath, Sylvia | ||
| 240 | 1 | 0 |
_aO terno tanto faz como tanto fez _lpor |
| 245 | 1 | 0 | _aO terno tanto faz como tanto fez |
| 300 | _a42 | ||
| 362 | 0 | _a1997 | |
| 440 | 1 | _aRocco | |
| 650 | 4 | _aLiteratura infanto-juvenil | |
| 942 | _cBK | ||
| 999 |
_c45010 _d45010 |
||